Ariana Grande Boyfriends by Picture - Statistics

General Stats
  • This quiz has been taken 86 times
  • The average score is 5 of 11
Answer Stats
Picture Hint Answer % Correct
Pete Davidson
96%
Mac Miller
92%
(current) Ethan Slater
76%
Big Sean
75%
Dalton Gomez
71%
Nathan Sykes
40%
Ricky Alvarez
35%
Jai Brooks
16%
Graham Phillips
13%
Mikey Foster
11%
Jordan Viscomi
5%
No matching quizzes found
Score Distribution
Percent of People with Each Score
Percentile by Number Answered
Your Score History
You have not taken this quiz